| 000 | 01110nas a2200277 4500 | ||
|---|---|---|---|
| 001 | BR8000960 | ||
| 003 | BR-BrBNA | ||
| 005 | 20231205084146.0 | ||
| 007 | ta | ||
| 008 | 230509b bl.|||p| |||| 00| 00por d | ||
| 040 |
_aBR-BrBNA _bpor _cBiblioteca Nacional de Agricultura |
||
| 041 | _a(Pt) | ||
| 072 | _aM40 | ||
| 100 | 1 | _aNomura, H. | |
| 100 | 1 | _aHayashi, C. | |
| 111 | 1 |
_a6. Congresso Brasileiro de Zoologia _cRio de Janeiro, RJ (Brazil) _d12 Feb 1979 |
|
| 245 | 1 | _aCaracteres meristicos e biologia do Saguiru, Curimatus gilberti (Quoy e Gaimard, 1824), do Rio Morgado (Matao, Sao Paulo)(Osteichthyes, Curimatidae)[Brasil] | |
| 246 | 1 | _a[Meristic characteristics and biology of Saguiri, Curimatus Gilberti (Qudy and Gaimard, 1824)from Morgado Rivver (Matao, Sao Paulo)(Osteichthyes curimatidae)[Brazil]] | |
| 650 | _aBiologia aquatica | ||
| 650 | _aSaguiru | ||
| 650 | _aRio Morgado | ||
| 650 | _aSao Paulo | ||
| 773 | 0 |
_tRevista Brasileira de Biologia (Brazil) _xISSN 0034-7108 _g(Feb 1980), v. 40(1) p. 165-176 _wBR8000960 |
|
| 909 |
_a202311 _bLúcia _c55 _dLúcia Elande |
||
| 942 |
_2AGRIS _n0 _cANA |
||
| 999 |
_c103491 _d103491 |
||